Heat transfer (Record no. 3641)

000 -LEADER
fixed length control field 00564nam a2200229 a 4500
001 - CONTROL NUMBER
control field 3641
003 - CONTROL NUMBER IDENTIFIER
control field BD-DhUET
008 - FIXED-LENGTH DATA ELEMENTS--GENERAL INFORMATION
fixed length control field 960506s1997 nyua b 001 0 eng
020 ## - INTERNATIONAL STANDARD BOOK NUMBER
International Standard Book Number 0071143203
020 ## - INTERNATIONAL STANDARD BOOK NUMBER
International Standard Book Number 0078447852
040 ## - CATALOGING SOURCE
Original cataloging agency DLC
Transcribing agency DLC
Modifying agency BD-DhUET
082 00 - DEWEY DECIMAL CLASSIFICATION NUMBER
Classification number 621.011
Item number HOL/1997
100 1# - MAIN ENTRY--PERSONAL NAME
Personal name Holman, J. P.
245 10 - TITLE STATEMENT
Title Heat transfer
250 ## - EDITION STATEMENT
Edition statement 8th ed.
260 ## - PUBLICATION, DISTRIBUTION, ETC. (IMPRINT)
Place of publication, distribution, etc. New York
Name of publisher, distributor, etc. McGraw-Hill
Date of publication, distribution, etc. 1997
300 ## - PHYSICAL DESCRIPTION
Extent xviii, 696 p.
Other physical details ill.
490 ## - SERIES STATEMENT
Series statement Schaum's outline series
504 ## - BIBLIOGRAPHY, ETC. NOTE
Bibliography, etc Includes bibliographies
650 #0 - SUBJECT ADDED ENTRY--TOPICAL TERM
Topical term or geographic name as entry element Heat transfer
942 ## - ADDED ENTRY ELEMENTS (KOHA)
Koha item type General Book
Holdings
Shelving location Damaged status Koha full call number Withdrawn status Koha issues (times borrowed) Sublocation or collection (holding branch) Source of classification or shelving scheme Koha item type Koha date last borrowed Koha date last seen Location (home branch) Price effective from Copy number Koha normalized classification for sorting Not for loan Lost status Koha out on loan Piece designation (barcode) Date acquired
Circulation section 621.011/HOL/1997 3Central Library, BUET General Book2025-04-272025-04-27Central Library, BUET2014-11-031621_011000000000000_HOL_1997  2025-05-11924502014-11-03
Circulation section 621.011/HOL/1997  Central Library, BUET General Book 2014-11-03Central Library, BUET2014-11-032621_011000000000000_HOL_1997   924522014-11-03
Circulation section 621.011/HOL/1997  Central Library, BUET General Book 2016-07-30Central Library, BUET2014-11-033621_000000000000000_011HOL1997   924532014-11-03
Circulation section 621.011/HOL/1997 1Central Library, BUET General Book2022-01-092022-06-08Central Library, BUET2014-11-034621_000000000000000_011HOL1997   924542014-11-03
Circulation section 621.011/HOL/1997 2Central Library, BUET General Book2024-10-022024-10-28Central Library, BUET2014-11-035621_000000000000000_011HOL1997   924552014-11-03
Circulation section 621.011/HOL/1997 3Central Library, BUET General Book2023-12-102024-08-31Central Library, BUET2014-11-036621_000000000000000_011HOL1997   924572014-11-03
Circulation section 621.011/HOL/1997  Central Library, BUET General Book 2014-11-03Central Library, BUET2014-11-037621_000000000000000_011HOL1997   924592014-11-03
Circulation section 621.011/HOL/1997 1Central Library, BUET General Book2024-03-122024-08-28Central Library, BUET2014-11-038621_011000000000000_HOL_1997   924602014-11-03
Circulation section 621.011/HOL/1997 1Central Library, BUET General Book2024-04-082024-06-22Central Library, BUET2014-11-039621_000000000000000_011HOL1997   924612014-11-03
Circulation section 621.011/HOL/1997 5Central Library, BUET General Book2024-12-102025-03-12Central Library, BUET2014-11-0310621_000000000000000_011HOL1997   924622014-11-03
Circulation section 621.011/HOL/1997 1Central Library, BUET General Book2015-03-042017-05-03Central Library, BUET2014-11-0311621_000000000000000_011HOL1997   924642014-11-03
Circulation section 621.011/HOL/1997 3Central Library, BUET General Book2019-06-172019-07-10Central Library, BUET2014-11-0312621_000000000000000_011HOL1997   924652014-11-03
Circulation section 621.011/HOL/1997 3Central Library, BUET General Book2022-05-242022-06-08Central Library, BUET2014-11-0313621_000000000000000_011HOL1997   924662014-11-03
Circulation section 621.011 HOL/1997  Central Library, BUET General Book 2015-04-12Central Library, BUET2015-04-1214621_011000000000000_HOL_1997   924682015-04-12
Reading section 621.011/HOL/1997  Central Library, BUET Reading Item 2015-07-02Central Library, BUET2015-07-0215621_011000000000000_HOL_1997   924472015-07-02
Reading section 621.011/HOL/1997  Central Library, BUET Reading Item 2015-07-09Central Library, BUET2015-07-0916621_011000000000000_HOL_1997   924462015-07-09